000 00287nam a2200121Ia 4500
008 191201s2019 xx 000 0 und d
100 _aPFISTER,Cuno
245 0 _aGetting Started with the Internet of Things
260 _bSPD
300 _a176
650 _aB.Tech(CSE)
942 _2ddc
_cBK
999 _c6867
_d6867